Practical Christianity part 1: (Record no. 9660)

MARC details
000 -LEADER
fixed length control field 00625nam a22001937a 4500
008 - FIXED-LENGTH DATA ELEMENTS--GENERAL INFORMATION
fixed length control field 221013b |||||||| |||| 00| 0 eng d
020 ## - INTERNATIONAL STANDARD BOOK NUMBER
ISBN 9780753370
040 ## - CATALOGING SOURCE
Original cataloging agency NLN
Language of cataloging English
100 ## - MAIN ENTRY--AUTHOR
Author ALABI, Dosu
Relator term aut
245 ## - TITLE STATEMENT
Title Practical Christianity part 1:
Remainder of title the celestial church of Christ experiences/
Statement of responsibility, etc Dosu Alabi
260 ## - PUBLICATION, DISTRIBUTION, ETC. (IMPRINT)
Place of publication Orita Challenge Ibadan:
Name of publisher Honeyland Resources,
Date of publication 2007
300 ## - COLLATION
Pagination xiv, 73p.:
Other physical details ill., Ports.; 18cm
563 ## - BINDING INFORMATION
Binding note Pbk
650 ## - TRACINGS
Main Subject Alabi Dosu
650 ## - TRACINGS
Main Subject Reminiscing
650 ## - TRACINGS
Main Subject Celestial Church of Christ
Subdivision (1st) Nigeria
942 ## - ADDED ENTRY ELEMENTS (KOHA)
Item type Books
050 ## - LIBRARY OF CONGRESS CALL NUMBER
Classification number DT515.83.
Item number A317 Pt. 1
Holdings
Source of classification or shelving scheme Not for loan Home library Current library Date acquired Accession No. Full call number Barcode. Koha item type
Library of Congress Classification   ABUJA LIBRARY BRANCH National Library of Nigeria 13/10/2022 77560 DT515.83. A317 Pt. 1 2022-4305 Books

National Library of Nigeria OPAC is powered by Koha